Az EU áfarendszerének modernizálása, valamint ennek hatásai az e-kereskedelemmel foglalkozó vállalatokra

Bibliográfiai részletek
Szerző: Szakács Csaba
További közreműködők: Galántainé Dr. Máté Dr. Zsuzsanna
Dokumentumtípus: Diplomadolgozat
Kulcsszavak:áfa
Adózás
e-kereskedelem
Online Access:http://dolgozattar.uni-bge.hu/17341

MARC

LEADER 00000nta a2200000 i 4500
001 dolg17341
005 20180517083453.0
008 180517suuuu hu om 000 hun d
040 |a BGE Dolgozattár Repozitórium  |b hun 
041 |a hu 
100 1 |a Szakács Csaba 
245 1 3 |a Az EU áfarendszerének modernizálása, valamint ennek hatásai az e-kereskedelemmel foglalkozó vállalatokra  |c Szakács Csaba  |h [elektronikus dokumentum] 
246 1 1 |a Az EU áfarendszerének modernizálása, valamint ennek hatásai az e-kereskedelemmel foglalkozó vállalatokra 
695 |a áfa 
695 |a Adózás 
695 |a e-kereskedelem 
700 1 |a Galántainé Dr. Máté Dr. Zsuzsanna  |e ths 
856 4 0 |u http://dolgozattar.uni-bge.hu/17341/1/SzJCs_Szokdolgozat_feltoltheto.pdf  |z Dokumentum-elérés 
856 4 0 |u http://dolgozattar.uni-bge.hu/17341/2/Titkositasi%20nyilatkozat.pdf  |z Dokumentum-elérés